1514 1044 1032 1040 1984 1097 1975 1868 1797 1931 1884 1572 1005 1105 1350 1595 1160 1141 1416 1700 1128 1211 1462 1858 1348 1682 1574 1909 1934 1525 1814 1148 1760 1167 1471 1575 1664 1703 1866 1385 1348 1445 1321 1502 1367 1538 1147 1154 1976 1083 1188 1046 1445 1980 1310 1524 1431 1581 1323 1006 1109 1871 1229 1163 1347 1652 1906 1389 1448 1662 1732 1417 1155 1916 1079 1168 1466 1445 1065 1901 1856 1949 1251 1112 1706 1458 1961 1602 1873 1595 1440 1141 1803 1601 1196 1280 1053 1813 1567 BCNSPRNW ULIB Ver.6.0+V

เปลี่ยนเป็นภาษาไทย

Change to English
 แสดงรายละเอียดบรรณานุกรม
  กลับหน้าหลัก

Brief Record : Get Marc (ISO 2709) : E-mail record : QR code < ปิดหน้าต่าง
LEADER : 00000nam 2200000uu 4500
001    13399111606
003     ULIB
008    110627s2551||||th 000 0 tha d
060  4 WM100^bภ636ภ 2551
100 0  ภุมรินทร์ อินชัวนีและคณะ
245 00 ภาวะสุขภาพจิตของนักศึกษาพยาบาลศาสตร์ ชั้นปีที่ 1 วิทยาลัยพยาบาลบรมราชชนนี พุทธชินราช Mental Henlth of First year Nursing Students, Boromarajonani College of Nursing, Buddhachinaraj/^ภุมรินทร์ อินชัวนีและคณะ
250    พิมพ์ครั้งที่ 1
260    พิษณุโลก :^bวิทยาลัยพยาบาลบรมราชชนนี พุทธชินราช,^c2551
300    52 หน้า
650  7 สุขภาพจิต
650  7 นักศึกษาพยาบาล
650  7 วิทยาลัยพยาบาลบรมราชชนนี พุทธชินราช
945    ^p0^l0^i023513
995    ทศพร
999 ^a ใช้งานได้ทุกระบบ
รายการนี้ยังไม่มีแท็ก
คุณยังไม่ได้ล็อกอิน คุณสามารถมีกิจกรรมร่วมกับเว็บไซต์ได้ แต่ต้องล็อกอินก่อน ::
  ล็อกอิน

รายการสื่อสารสนเทศ

ลำดับที่ ประเภท เลขเรียก/บาร์โค้ด สถานที่ สถานะ
- ไม่พบข้อมูล -

รายการใกล้เคียง
    หัวเรื่อง [สุขภาพจิต]
    หัวเรื่อง [นักศึกษาพยาบาล]
    หัวเรื่อง [วิทยาลัยพยาบาลบรมราชชนนี พุทธชินราช]

BibComment


ยังไม่เคยถูกคอมเมนท์

คอมเมนท์ทรัพยากรรายการนี้
  คอมเมนท์: ภาวะสุขภาพจิตของน..


 Copyright 2026. Bcnsprnw @Library